History by letter- J - Statistics

General Stats
  • This quiz has been taken 43 times
  • The average score is 13 of 21
Answer Stats
Question Answer % Correct
1) This English king was forced tosign the Magna Carta in 1215 declaring monarchs are subjected to the law John
98%
5) Shintoism is this island nations indigenous religiondating back to ancient times Japan
93%
4) This president was assassinated in Dallas byLee Harvey Oswald on Nov 22, 1963 John F Kennedy
93%
7) This 17 year old woman led the fight for the Frenchagainst the English invasion at Orleans Joan of Arc
90%
15) The goal of the European Crusades were to recapturethis holy city Jerusalem
88%
10) Romeos true love in Shakespeares iconic play Juliet
86%
12) Founding Father and 2nd president of the US John Adams
81%
13) Eldest son of the above and 6th president John Quincy Adams
81%
8) One of the worlds oldest Abrahamic religions datingto the ancestral people of Israel Judaism
71%
20) This English author wrote the iconic Lord of the Rings series JRR Tolkien
69%
2) Founding father and 4th president known as the "Father of the Constitution" James Madison
67%
6) This colony in Virginia was the first establishedEnglish settlement in the US in 1607 Jamestown
67%
9) Female rocker regarded as the "godmother of punk"and leader of the Blackhearts Joan Jett
62%
19) This holiday is celebrated on June 19th to commemoratethe ending of slavery Juneteenth
62%
14) With his iconic deep voice, this actor played the roleof Darth Vader in Star Wars James Earl Jones
60%
3) This man, the 5th president, was the last FoundingFather to serve the presidency James Monroe
50%
11) 11th president of the US and a Mexican-AmericanWar veteran James Polk
38%
15) Founding Father and 1st chief justice of the SupremeCourt John Jay
24%
18) This law signed by Washington in 1789 that established the Federal Courts Judiciary Act
10%
16) Confederate commander of the eastern and western theater,he surrendered to Gen. Sherman in 1865 Joseph E Johnston
7%
17) Civil War battle between Gen Sherman and Confederate GenJohn Hood near the Macon railroad in Aug 1864 Jonesboro
2%
No matching quizzes found
Score Distribution
Percent of People with Each Score
Percentile by Number Answered
Your Score History
You have not taken this quiz